[Event "Memorial Romana Baka OPEN FIDE"]
[Site "Starochorzowski Dom Kultury, C"]
[Date "2014.10.03"]
[Round "9.5"]
[White "Szczecina, Kamil"]
[Black "Szmyd, Arkadiusz"]
[Result "1/2-1/2"]
[WhiteElo "1889"]
[BlackElo "2144"]
[PlyCount "136"]
[EventDate "2014.??.??"]

1. e4 c5 2. Nf3 Nc6 3. d3 g6 4. g3 Bg7 5. Bg2 d6 6. O-O Nf6 7. Nbd2 O-O 8. Qe2
Qc7 9. c3 a6 10. Nh4 e5 11. f4 exf4 12. gxf4 Bg4 13. Qf2 Rae8 14. h3 Bd7 15.
Nc4 b5 16. Ne3 c4 17. Qc2 cxd3 18. Qxd3 Be6 19. Rd1 Rd8 20. Nd5 Bxd5 21. exd5
Na5 22. Nf3 Rfe8 23. Nd4 Rb8 24. b3 Rbc8 25. Bd2 Nb7 26. b4 Qb6 27. Be3 Qc7 28.
Nc6 Nd8 29. a4 Nxd5 30. Bxd5 Nxc6 31. axb5 axb5 32. Bf2 Ne7 33. Qxb5 Nxd5 34.
Qxd5 Qxc3 35. Ra7 Rf8 36. Qxd6 Qxh3 37. Bc5 Rfe8 38. Qd7 Qe6 39. Qxe6 Rxe6 40.
Rdd7 Rf6 41. Rac7 Rxc7 42. Rd8+ Bf8 43. Bxf8 Rc1+ 44. Kg2 h5 45. Bd6+ Kg7 46.
Be5 Rcc6 47. b5 Rce6 48. Bxf6+ Kxf6 49. Rd5 Re3 50. Kf2 Rb3 51. Re5 h4 52. Kg2
h3+ 53. Kh2 Rb4 54. b6 Rxb6 55. Kxh3 Re6 56. Ra5 Kg7 57. Ra7 Rf6 58. Kg4 Rb6
59. Kg3 Rb1 60. Kf3 Rg1 61. Kf2 Rd1 62. Kf3 Rd5 63. Kg4 Rc5 64. Rb7 Rc1 65. Kf3
Rf1+ 66. Kg3 Ra1 67. Kf3 Ra3+ 68. Kg4 Ra5 1/2-1/2

[Event "Memorial Romana Baka OPEN FIDE"]
[Site "Starochorzowski Dom Kultury, C"]
[Date "2014.10.03"]
[Round "9.6"]
[White "Klementys, Jerzy"]
[Black "Morkisz, Bogdan"]
[Result "0-1"]
[WhiteElo "1675"]
[BlackElo "2123"]
[PlyCount "42"]
[EventDate "2014.??.??"]

1. d4 Nf6 2. c4 e5 3. dxe5 Ne4 4. Nf3 Nc6 5. Qc2 Bb4+ 6. Nbd2 d5 7. exd6 Bf5 8.
dxc7 Qxc7 9. Qa4 O-O-O 10. a3 Nc5 11. Qd1 Rhe8 12. e3 Qd7 13. Be2 Nd3+ 14. Bxd3
Bxd3 15. axb4 Nxb4 16. Qa4 Nc2+ 17. Kd1 Qg4 18. Rg1 Rxe3 19. Qxa7 Be2+ 20. Kxc2
Qf5+ 21. Ne4 Qxe4# 0-1

[Event "Memorial Romana Baka OPEN FIDE"]
[Site "Starochorzowski Dom Kultury, C"]
[Date "2014.10.03"]
[Round "9.7"]
[White "Janiszewski, Maciej"]
[Black "Sensula, Marek"]
[Result "1-0"]
[WhiteElo "1981"]
[BlackElo "1757"]
[PlyCount "51"]
[EventDate "2014.??.??"]

1. d4 d5 2. Nc3 Nf6 3. Bg5 Nbd7 4. Qd3 e6 5. e4 dxe4 6. Nxe4 Be7 7. Nxf6+ Bxf6
8. Bxf6 Nxf6 9. Nf3 O-O 10. O-O-O a5 11. Ne5 b6 12. Qh3 Bb7 13. Bd3 Be4 14.
Rhe1 Bxd3 15. Rxd3 Qd5 16. Qh4 Rfd8 17. c4 Qd6 18. Ree3 c5 19. Rg3 Kf8 20. Rxg7
Kxg7 21. Rg3+ Kf8 22. Qxf6 Ra7 23. Rg7 Qe7 24. Qh6 Ke8 25. Rg8+ Qf8 26. Qxf8#
1-0

[Event "Memorial Romana Baka OPEN FIDE"]
[Site "Starochorzowski Dom Kultury, C"]
[Date "2014.10.03"]
[Round "9.8"]
[White "Blasiak, Miroslaw"]
[Black "Solek, Zenon"]
[Result "1-0"]
[WhiteElo "1818"]
[BlackElo "1817"]
[PlyCount "89"]
[EventDate "2014.??.??"]

1. e4 c5 2. Nf3 e6 3. d4 cxd4 4. Nxd4 a6 5. Nc3 Qc7 6. Be2 Nf6 7. O-O Nc6 8.
Be3 Bd6 9. g3 Bb4 10. Na4 O-O 11. Nxc6 dxc6 12. c3 Be7 13. Nb6 Rb8 14. Qc2 c5
15. Nxc8 Rbxc8 16. c4 Rfd8 17. Rad1 h6 18. f4 e5 19. f5 Qc6 20. Bf3 Nh7 21. h4
b5 22. b3 g5 23. fxg6 Qxg6 24. Kh2 Nf6 25. Kh3 b4 26. Rfe1 Kh7 27. Bf2 h5 28.
Kh2 Ng4+ 29. Bxg4 Qxg4 30. Rd5 Rxd5 31. exd5+ Kh8 32. Rxe5 Bd6 33. Re4 Qg6 34.
Qe2 Rg8 35. Qf3 Kh7 36. Kh3 Rg7 37. g4 hxg4+ 38. Rxg4 Qxg4+ 39. Qxg4 Rxg4 40.
Kxg4 Kg6 41. Bg3 f5+ 42. Kf3 Be7 43. Be5 Bf8 44. Bc7 Kf6 45. h5 1-0

[Event "Memorial Romana Baka OPEN FIDE"]
[Site "Starochorzowski Dom Kultury, C"]
[Date "2014.10.03"]
[Round "9.9"]
[White "Rosicki, Marcin"]
[Black "Kubicka, Anna"]
[Result "0-1"]
[WhiteElo "1794"]
[BlackElo "1734"]
[PlyCount "78"]
[EventDate "2014.??.??"]

1. e4 d6 2. f4 e5 3. Nc3 Nf6 4. Nf3 Bg4 5. Bc4 Be7 6. fxe5 Bxf3 7. Qxf3 dxe5 8.
d3 O-O 9. O-O Nbd7 10. Qg3 Kh8 11. Nd5 c6 12. Nxe7 Qxe7 13. Bg5 h6 14. Qh4 Qc5+
15. Kh1 b5 16. Bxf6 Nxf6 17. Rxf6 bxc4 18. Raf1 Qe3 19. R6f3 Qd2 20. R3f2 Qb4
21. c3 Qa4 22. dxc4 Qxc4 23. Rf6 Kg8 24. Qg4 Rad8 25. h3 Rd2 26. R1f3 Rd1+ 27.
Kh2 Qc5 28. Kg3 h5 29. Qg5 Qg1 30. Kh4 Qe1+ 31. Kxh5 Qxe4 32. Rg3 g6+ 33. Kh6
Kh8 34. Rg4 Qd3 35. Qxg6 Qxg6+ 36. Rgxg6 Rd2 37. Rg7 Rxb2 38. Rh7+ Kg8 39. Rf3
Rxg2 0-1

[Event "Memorial Romana Baka OPEN FIDE"]
[Site "Starochorzowski Dom Kultury, C"]
[Date "2014.10.03"]
[Round "9.10"]
[White "Galyga, Jozef"]
[Black "Mostowski, Boguslaw"]
[Result "1/2-1/2"]
[WhiteElo "1860"]
[BlackElo "1766"]
[PlyCount "120"]
[EventDate "2014.??.??"]

1. c4 Nf6 2. Nf3 e6 3. g3 d5 4. Bg2 c6 5. cxd5 exd5 6. O-O Be7 7. d4 O-O 8. Nc3
Nbd7 9. Qc2 Re8 10. a4 a5 11. Bf4 Nh5 12. Be3 Bd6 13. Rfd1 Qe7 14. Bh3 g6 15.
Bg5 f6 16. Bd2 Nf8 17. Bxc8 Rexc8 18. e4 Bb4 19. Re1 Qd7 20. Qd3 Re8 21. e5 f5
22. Ne2 Ne6 23. Bxb4 axb4 24. Qd2 Qe7 25. h3 Rf8 26. Qh6 Ra7 27. b3 b6 28. Red1
Rd8 29. Rac1 c5 30. dxc5 bxc5 31. g4 fxg4 32. hxg4 Nhg7 33. Kg2 Qf8 34. Rh1 Ne8
35. Rh3 Qxh6 36. Rxh6 Rc7 37. Rhh1 c4 38. Nfd4 N8g7 39. Rhd1 c3 40. f4 Nc5 41.
Nb5 Rcd7 42. Ned4 Nge6 43. Kf3 Kf7 44. Nxe6 Nxe6 45. f5 gxf5 46. gxf5 Ng5+ 47.
Kg4 Rg8 48. Kh5 Ke7 49. Rg1 h6 50. Nd4 Rc7 51. f6+ Kf7 52. Nf5 Ke6 53. Nxh6 Rh7
54. Rxg5 Rgh8 55. Rg3 d4 56. f7 Ke7 57. Kg5 d3 58. Ng8+ Kxf7 59. Rf1+ Ke8 60.
Rff3 Rh5+ 1/2-1/2

[Event "Memorial Romana Baka OPEN FIDE"]
[Site "Starochorzowski Dom Kultury, C"]
[Date "2014.10.03"]
[Round "9.11"]
[White "Krol, Rafal"]
[Black "Wirtek, Jerzy"]
[Result "1-0"]
[WhiteElo "1785"]
[BlackElo "1706"]
[PlyCount "126"]
[EventDate "2014.??.??"]

1. Nf3 Nf6 2. g3 d5 3. Bg2 c6 4. O-O Bf5 5. c4 e6 6. d4 h6 7. Nc3 Be7 8. Qb3
Qb6 9. c5 Qxb3 10. axb3 Bc2 11. b4 Nbd7 12. b5 a6 13. bxc6 bxc6 14. Bf4 O-O 15.
Rfc1 Bb3 16. Ra3 Bc4 17. b3 Bb5 18. Nxb5 axb5 19. Rca1 Rac8 20. Ra7 Rfe8 21.
R1a6 g5 22. Bc7 g4 23. Ne5 Nxe5 24. Bxe5 Bd8 25. Bd6 Ne4 26. Bxe4 dxe4 27. Rd7
Bf6 28. Be5 Bxe5 29. dxe5 Red8 30. Rxc6 Rxd7 31. Rxc8+ Kg7 32. Rb8 Rd5 33. Rxb5
Kg6 34. b4 Rd1+ 35. Kg2 Rc1 36. Rb8 Kf5 37. Rf8 Rb1 38. Rxf7+ Kxe5 39. Rb7 Kd5
40. Rb6 h5 41. c6 Kd6 42. b5 Rb2 43. e3 Kc7 44. Rb7+ Kc8 45. b6 Rb1 46. Rc7+
Kb8 47. Re7 Rxb6 48. Rxe6 Kc7 49. Rh6 Rb5 50. h3 Rg5 51. hxg4 hxg4 52. Kf1 Rg8
53. Re6 Rg5 54. Ke2 Rg8 55. Rxe4 Kxc6 56. Rd4 Kc5 57. Rd1 Rg5 58. f3 gxf3+ 59.
Kxf3 Rg8 60. Rd4 Rf8+ 61. Rf4 Rg8 62. g4 Kd6 63. Rf5 Kd7 1-0

[Event "Memorial Romana Baka OPEN FIDE"]
[Site "Starochorzowski Dom Kultury, C"]
[Date "2014.10.03"]
[Round "9.12"]
[White "Zawierucha, Aleksander"]
[Black "Pasieka, Marcin"]
[Result "1/2-1/2"]
[WhiteElo "1957"]
[BlackElo "1626"]
[PlyCount "78"]
[EventDate "2014.??.??"]

1. d4 Nf6 2. c4 e6 3. Nc3 Bb4 4. e3 O-O 5. Bd3 d5 6. cxd5 exd5 7. Nge2 c6 8.
O-O Re8 9. Qc2 Nbd7 10. Bd2 Nf8 11. Rad1 Be6 12. Rfe1 Rc8 13. Qb3 Qe7 14. Nf4
Bd6 15. Nce2 Ne4 16. Nxe6 Nxe6 17. Ng3 Nxd2 18. Rxd2 Bb4 19. Bc2 Bxd2 20. Qd3
g6 21. Qxd2 c5 22. dxc5 Qxc5 23. Bb3 d4 24. Ne4 dxe3 25. fxe3 Qe5 26. Nc3 Rcd8
27. Qf2 Re7 28. Rf1 Rdd7 29. e4 Nc7 30. Qxa7 Qd4+ 31. Qxd4 Rxd4 32. Rf2 b5 33.
g3 b4 34. Nd5 Nxd5 35. Bxd5 Kg7 36. g4 Rc7 37. g5 Rd1+ 38. Kg2 Rdc1 39. Bb3
R7c6 1/2-1/2

[Event "Memorial Romana Baka OPEN FIDE"]
[Site "Starochorzowski Dom Kultury, C"]
[Date "2014.10.03"]
[Round "9.13"]
[White "Liszek, Krzysztof"]
[Black "Muc, Zbigniew"]
[Result "1-0"]
[WhiteElo "1905"]
[BlackElo "1721"]
[PlyCount "105"]
[EventDate "2014.??.??"]

1. e4 c6 2. d4 d5 3. Nc3 dxe4 4. f3 exf3 5. Nxf3 Bg4 6. h3 Bxf3 7. Qxf3 e6 8.
Bf4 Nf6 9. O-O-O Be7 10. Bc4 Nbd7 11. Be5 Qa5 12. Rhe1 O-O 13. Bd3 Rfc8 14. Kb1
b5 15. g4 b4 16. Ne4 Nd5 17. Rf1 f6 18. Bd6 Bxd6 19. Nxd6 Rcb8 20. Bc4 Nc3+ 21.
Kc1 Nxa2+ 22. Bxa2 Qxa2 23. Qe4 Qd5 24. Qf4 Qg5 25. Qxg5 fxg5 26. Rf7 Nf8 27.
Rdf1 Rd8 28. Ne4 h6 29. Rc7 Rxd4 30. Ng3 Rf4 31. Rxf4 gxf4 32. Nh5 e5 33. Nxg7
f3 34. Nh5 Ne6 35. Rxc6 Kf7 36. Kd2 Rd8+ 37. Ke3 a5 38. Ra6 Nd4 39. c3 bxc3 40.
bxc3 Nb3 41. Rxh6 a4 42. Ra6 Nc5 43. Ra7+ Ke6 44. Kxf3 Rd3+ 45. Ke2 Rxc3 46.
Ng7+ Kd5 47. h4 Rg3 48. g5 Rh3 49. h5 a3 50. h6 Ke4 51. Kf2 Kf4 52. Kg2 Rg3+
53. Kh2 1-0

[Event "Memorial Romana Baka OPEN FIDE"]
[Site "Starochorzowski Dom Kultury, C"]
[Date "2014.10.03"]
[Round "9.14"]
[White "Cieraszewski, Piotr"]
[Black "Rychlik, Bogdan"]
[Result "1/2-1/2"]
[WhiteElo "1838"]
[BlackElo "1759"]
[PlyCount "34"]
[EventDate "2014.??.??"]

1. d4 d5 2. c4 e6 3. Nf3 Nf6 4. Bg5 Be7 5. e3 a6 6. Nc3 Nbd7 7. Rc1 Ne4 8. Bxe7
Qxe7 9. cxd5 Nxc3 10. Rxc3 Nf6 11. dxe6 Bxe6 12. a3 O-O 13. Be2 Rad8 14. O-O
Ne4 15. Rc1 Kh8 16. Qc2 Bg4 17. Qxc7 Rd7 1/2-1/2

[Event "Memorial Romana Baka OPEN FIDE"]
[Site "Starochorzowski Dom Kultury, C"]
[Date "2014.10.03"]
[Round "9.15"]
[White "Tchorzewski, Kazimierz"]
[Black "Nowakowski, Jan"]
[Result "1/2-1/2"]
[WhiteElo "1828"]
[BlackElo "1692"]
[PlyCount "54"]
[EventDate "2014.??.??"]

1. e4 e5 2. Nf3 Nc6 3. Bb5 a6 4. Ba4 Nf6 5. d3 d6 6. c3 h6 7. Nbd2 b5 8. Bc2
Be7 9. Nf1 O-O 10. Ng3 d5 11. exd5 Nxd5 12. O-O f5 13. Re1 Bd6 14. c4 Nf6 15.
cxb5 axb5 16. Bb1 Be6 17. Qc2 Qd7 18. Rd1 Bd5 19. Qe2 Bxf3 20. gxf3 Nd4 21. Qf1
Nxf3+ 22. Kh1 f4 23. Ne4 Ng4 24. Qh3 Qf5 25. Qxf3 Qh5 26. Kg1 Qg6 27. Kh1 Qh5
1/2-1/2

[Event "Memorial Romana Baka OPEN FIDE"]
[Site "Starochorzowski Dom Kultury, C"]
[Date "2014.10.03"]
[Round "9.16"]
[White "Matysek, Pawel"]
[Black "Marek, Eugeniusz"]
[Result "0-1"]
[WhiteElo "1464"]
[BlackElo "1761"]
[PlyCount "62"]
[EventDate "2014.??.??"]

1. e4 c6 2. d4 d5 3. exd5 cxd5 4. c4 Nf6 5. Nc3 e6 6. Nf3 Nc6 7. Bg5 Be7 8. c5
O-O 9. Bb5 Bd7 10. O-O a6 11. Bxc6 Bxc6 12. b4 b6 13. Ne5 Bb7 14. c6 Bc8 15. b5
Qc7 16. a4 Bb4 17. Bxf6 gxf6 18. Qg4+ Kh8 19. Qf3 Qe7 20. Ng4 f5 21. Ne5 f6 22.
Ne2 fxe5 23. dxe5 Qg7 24. Qe3 Bc5 25. Qc3 a5 26. Rfe1 f4 27. Nd4 Rg8 28. g3
fxg3 29. hxg3 Ra7 30. Nb3 Bb4 31. Qe3 Bxe1 0-1

[Event "Memorial Romana Baka OPEN FIDE"]
[Site "Starochorzowski Dom Kultury, C"]
[Date "2014.10.03"]
[Round "9.17"]
[White "Bobecki, Tadeusz"]
[Black "Jopek, Krzysztof"]
[Result "0-1"]
[WhiteElo "1815"]
[BlackElo "1865"]
[PlyCount "64"]
[EventDate "2014.??.??"]

1. e4 e6 2. Qe2 c5 3. f4 d5 4. exd5 Qxd5 5. Nc3 Qd8 6. Nf3 Nc6 7. g3 Nf6 8. Bg2
Be7 9. O-O O-O 10. d3 Bd7 11. Kh1 Qc7 12. Be3 Rac8 13. Bg1 Rfd8 14. h3 a6 15.
Na4 Nd4 16. Nxd4 cxd4 17. b3 b5 18. Nb2 Qxc2 19. Qxc2 Rxc2 20. Bxd4 Rxg2 21.
Bxf6 Bxf6 22. Kxg2 Bxb2 23. Rab1 Bc3 24. b4 Bc6+ 25. Kh2 Rxd3 26. Rfd1 Rxd1 27.
Rxd1 Bxb4 28. Rd8+ Bf8 29. Rb8 Bd5 30. Kg1 Bxa2 31. Ra8 b4 32. Rxa6 b3 0-1

[Event "Memorial Romana Baka OPEN FIDE"]
[Site "Starochorzowski Dom Kultury, C"]
[Date "2014.10.03"]
[Round "9.18"]
[White "Widera, Jan"]
[Black "Kostowski, Andrzej"]
[Result "1-0"]
[WhiteElo "1906"]
[BlackElo "1629"]
[PlyCount "121"]
[EventDate "2014.??.??"]

1. c4 c5 2. Nc3 Nc6 3. g3 g6 4. Bg2 Bg7 5. e3 Nf6 6. d3 d6 7. Nge2 Bg4 8. h3
Bf5 9. e4 Bd7 10. O-O Qc8 11. Kh2 a6 12. Rb1 Rb8 13. a3 b5 14. cxb5 axb5 15. b4
cxb4 16. axb4 O-O 17. Be3 e5 18. Qd2 Qd8 19. f4 Ne7 20. d4 exf4 21. Bxf4 Bc6
22. d5 Ba8 23. Bh6 Nh5 24. Bxg7 Nxg7 25. Nd4 Bb7 26. Ra1 Qb6 27. Ra5 Ba6 28.
Rfa1 Ra8 29. Ncxb5 Rfd8 30. Nc3 Bb7 31. Rxa8 Rxa8 32. Rxa8+ Bxa8 33. b5 h5 34.
h4 f5 35. Na4 Qb7 36. Nc6 Nc8 37. Qa5 f4 38. gxf4 Kh7 39. Kg3 Ne8 40. e5 Nc7
41. b6 Ne8 42. Bh3 dxe5 43. fxe5 Qf7 44. Bxc8 Bxc6 45. dxc6 Qb3+ 46. Nc3 Qc2
47. Qc5 Qd3+ 48. Kf2 Qc2+ 49. Ke1 Qc1+ 50. Ke2 Qc2+ 51. Ke3 Qc1+ 52. Kd3 Qf1+
53. Kc2 Qg2+ 54. Kb3 Qg3 55. b7 Ng7 56. b8=Q Qxh4 57. Qc7 Qf4 58. Q5e7 Qh6 59.
Qxg7+ Qxg7 60. Qxg7+ Kxg7 61. c7 1-0

[Event "Memorial Romana Baka OPEN FIDE"]
[Site "Starochorzowski Dom Kultury, C"]
[Date "2014.10.03"]
[Round "9.21"]
[White "Polasinski, Zbigniew"]
[Black "Mandla, Maciej"]
[Result "1-0"]
[WhiteElo "1275"]
[BlackElo "1635"]
[PlyCount "75"]
[EventDate "2014.??.??"]

1. c3 c5 2. Na3 Nc6 3. Nc2 d5 4. e3 Nf6 5. Bb5 Bd7 6. Bxc6 Bxc6 7. d3 e6 8. Ne2
Bd6 9. b3 O-O 10. Bb2 Qc7 11. h3 Rad8 12. Qd2 a6 13. Rb1 Nd7 14. Ba1 f5 15. Rb2
c4 16. Ned4 cxd3 17. Nxe6 Qb6 18. Nxd8 Qxd8 19. Nd4 Ne5 20. Nxc6 bxc6 21. f4
Qh4+ 22. Qf2 Ng6 23. Qxh4 Nxh4 24. Rd2 Re8 25. Kf2 Re6 26. Rxd3 Ng6 27. Bb2 Nf8
28. Rhd1 Bc5 29. Kf3 Re4 30. g4 Kf7 31. gxf5 Nd7 32. c4 Re7 33. cxd5 cxd5 34.
Rg1 Nf6 35. Bxf6 gxf6 36. Rc1 Ba3 37. Rc6 Bb2 38. Rxd5 1-0